[Event "Barcelona Sants op 16th"]
[Site "Barcelona"]
[Date "2014.08.28"]
[Round "7"]
[White "Gomez Ledo, Roberto Carlos"]
[Black "Roig Grau, Jesus"]
[Result "1-0"]
[WhiteElo "2411"]
[BlackElo "2183"]
[PlyCount "65"]
[EventDate "2014.08.22"]
[EventType "swiss"]
[EventRounds "10"]
[EventCountry "ESP"]
[SourceTitle "CBM 162 Extra"]
[Source "ChessBase"]
[SourceDate "2014.10.17"]
[SourceVersion "1"]
[SourceVersionDate "2014.10.17"]
[SourceQuality "1"]

1. d4 d5 2. c4 e6 3. Nc3 Nf6 4. e3 dxc4 5. Bxc4 c5 6. Nf3 Be7 7. 0-0 0-0 8. Qe2 a6 9. a4 Nc6 10. Rd1 Qc7 11. Bd2 Rd8 12. Be1 b6 13. Rac1 Bb7 14. h3 h6 15. d5 exd5 16. Bxd5 Nb4 17. Bc4 Nc6 18. Rxd8+ Bxd8 19. Rd1 Ne5 20. Bd5 Nxd5 21. Nxd5 Bxd5 22. Rxd5 Bf6 23. Nxe5 Bxe5 24. b3 Bf6 25. Kf1 Qc6 26. Qc4 g6 27. a5 Rb8 28. axb6 Qxb6 29. Rxc5 Qxb3 30. Qxb3 Rxb3 31. Rc6 Kg7 32. Rxa6 Rb2 33. Rxf6 1-0

[Event "Catalunya-chT Honor"]
[Site "Catalunya"]
[Date "2009.03.01"]
[Round "5"]
[White "Roig Grau, Jesus"]
[Black "Garcia Cano, Antonio"]
[Result "0-1"]
[WhiteElo "2170"]
[BlackElo "2296"]
[PlyCount "86"]
[EventDate "2009.02.01"]
[EventType "team-tourn"]
[EventRounds "9"]
[EventCountry "ESP"]
[SourceTitle "EXT 2019"]
[Source "ChessBase"]
[SourceDate "2018.10.10"]
[SourceVersion "1"]
[SourceVersionDate "2018.10.10"]
[SourceQuality "1"]
[WhiteTeam "Ateneu Colon"]
[BlackTeam "Montcada"]
[WhiteTeamCountry "ESP"]
[BlackTeamCountry "ESP"]

1. d4 Nf6 2. Nf3 g6 3. Bg5 Bg7 4. e3 0-0 5. Bd3 c5 6. c3 d6 7. Nbd2 b6 8. 0-0 Bb7 9. Qe2 Qc7 10. e4 e5 11. d5 h6 12. Be3 Nh5 13. g3 Bc8 14. Nh4 Bh3 15. Ng2 Nd7 16. g4 Nf4 17. Bxf4 exf4 18. Qf3 Bxg2 19. Kxg2 Ne5 20. Qe2 c4 21. Bc2 b5 22. h3 Qd7 23. Nf3 Nxg4 24. hxg4 Qxg4+ 25. Kh2 Rae8 26. Rg1 Qh5+ 27. Kg2 Qxd5 28. exd5 Rxe2 29. Rac1 b4 30. Nd4 Bxd4 31. cxd4 Rfe8 32. Kf3 Kg7 33. Ba4 R8e7 34. Rxc4 Rxb2 35. Rc2 Rxc2 36. Bxc2 g5 37. Rb1 a5 38. a3 Rc7 39. axb4 Rxc2 40. bxa5 Ra2 41. Rb6 Rxa5 42. Rxd6 f5 43. Rd8 Ra4 0-1

[Event "Catalunya-chT Honor"]
[Site "Catalunya"]
[Date "2009.02.01"]
[Round "1"]
[White "Ibanez Tarradellas, Eduardo"]
[Black "Roig Grau, Jesus"]
[Result "1/2-1/2"]
[WhiteElo "2258"]
[BlackElo "2170"]
[PlyCount "75"]
[EventDate "2009.02.01"]
[EventType "team-tourn"]
[EventRounds "9"]
[EventCountry "ESP"]
[SourceTitle "EXT 2019"]
[Source "ChessBase"]
[SourceDate "2018.10.10"]
[SourceVersion "1"]
[SourceVersionDate "2018.10.10"]
[SourceQuality "1"]
[WhiteTeam "Barcelona UGA"]
[BlackTeam "Ateneu Colon"]
[WhiteTeamCountry "ESP"]
[BlackTeamCountry "ESP"]

1. d4 d5 2. Nf3 c6 3. e3 Bg4 4. c4 e6 5. Nc3 Nd7 6. h3 Bh5 7. g4 Bg6 8. h4 h6 9. Bd3 Bxd3 10. Qxd3 Ngf6 11. Rg1 g6 12. Bd2 Bb4 13. 0-0-0 Nb6 14. cxd5 Bxc3 15. Bxc3 Qxd5 16. Ne5 Qe4 17. f3 Qxd3 18. Rxd3 Nfd5 19. Bd2 h5 20. e4 Nf6 21. g5 Nfd7 22. Bb4 Nxe5 23. dxe5 c5 24. Bxc5 Rc8 25. b4 Na4 26. Kb1 Nxc5 27. Rc1 Ke7 28. bxc5 Rhd8 29. Rd6 Rd7 30. Rcd1 Rdc7 31. f4 Ke8 32. f5 gxf5 33. exf5 exf5 34. e6 Rxc5 35. exf7+ Kxf7 36. Rd7+ Ke6 37. Rxb7 R8c7 38. Rb8 1/2-1/2

[Event "Benidorm op U2300 07th"]
[Site "Benidorm"]
[Date "2008.11.30"]
[Round "2"]
[White "Scherer, Helmut"]
[Black "Roig Grau, Jesus"]
[Result "1-0"]
[WhiteElo "2299"]
[BlackElo "2161"]
[PlyCount "85"]
[EventDate "2008.11.29"]
[EventType "swiss"]
[EventRounds "9"]
[EventCountry "ESP"]
[SourceTitle "CBM 127 Extra"]
[Source "ChessBase"]
[SourceDate "2009.01.08"]
[SourceVersion "2"]
[SourceVersionDate "2009.01.28"]
[SourceQuality "1"]

1. e4 c6 2. d4 d5 3. exd5 cxd5 4. Bd3 Nc6 5. c3 Nf6 6. Bf4 Bg4 7. Qb3 Qd7 8. Nd2 e6 9. Ngf3 Bxf3 10. Nxf3 Nh5 11. Be5 f6 12. Bg3 0-0-0 13. 0-0-0 Bd6 14. Rhe1 Nxg3 15. hxg3 Rde8 16. Rh1 h6 17. Rhe1 Kb8 18. Kb1 Re7 19. Re3 Rc8 20. Rde1 f5 21. Bb5 f4 22. gxf4 Bxf4 23. R3e2 Qe8 24. g3 Bd6 25. Re3 Qf7 26. R1e2 Nd8 27. a3 Ka8 28. Bd3 Rc6 29. Ka1 Rb6 30. Qa4 Rc7 31. Nd2 Qf8 32. Ka2 g5 33. Rf3 Rf7 34. Ree3 Rxf3 35. Rxf3 Qe7 36. Qd1 a6 37. Re3 Qf7 38. Qf3 Qg8 39. Bc2 e5 40. Bb3 exd4 41. cxd4 Nc6 42. Bxd5 Qg7 43. Nc4 1-0

[Event "ESP-chT Premier North"]
[Site "Barcelona"]
[Date "2005.08.13"]
[Round "4"]
[White "Lopez Roca, Xavier"]
[Black "Roig Grau, Jesus"]
[Result "1-0"]
[WhiteElo "2098"]
[BlackElo "2200"]
[PlyCount "105"]
[EventDate "2005.08.01"]
[EventType "team"]
[EventRounds "6"]
[EventCountry "ESP"]
[SourceTitle "CBM 107 Extra"]
[Source "ChessBase"]
[SourceDate "2005.09.01"]
[SourceVersion "1"]
[SourceVersionDate "2005.09.01"]
[SourceQuality "1"]

1. d4 d5 2. c4 e6 3. Nf3 c6 4. e3 f5 5. Nc3 Nf6 6. Be2 Bd6 7. Qc2 0-0 8. Bd2 Ne4 9. Rf1 a6 10. 0-0-0 b5 11. c5 Bc7 12. Ne1 e5 13. f3 Nxc3 14. Bxc3 e4 15. f4 a5 16. g3 b4 17. Bd2 Ba6 18. Rf2 Bxe2 19. Rxe2 Qc8 20. Ng2 Qa6 21. Rf2 Qb5 22. Be1 a4 23. Qe2 Qb7 24. h3 Bd8 25. g4 Na6 26. Bd2 Qd7 27. Rh1 Ra7 28. Kb1 Bf6 29. g5 Be7 30. Rc1 Rb8 31. h4 Bd8 32. h5 Ba5 33. Nh4 Nc7 34. Rh1 Nb5 35. Ka1 Rab7 36. Rfh2 Nc3 37. Qe1 Nb5 38. Qe2 Rf8 39. h6 g6 40. Rc1 Qe8 41. Qe1 Qa8 42. Qd1 b3 43. Bxa5 a3 44. Bb6 bxa2 45. Qb3 axb2+ 46. Rxb2 Rbb8 47. Rxa2 Qb7 48. Rb1 Ra8 49. Rbb2 Rfb8 50. Ng2 Kf7 51. Ne1 Ke6 52. Nc2 Kd7 53. Nb4 1-0

[Event "ESP-23ch corr"]
[Site "AEAC email"]
[Date "2003.11.25"]
[Round "?"]
[White "Alexandre Bisquert, Francisco"]
[Black "Roig Grau, Jesus"]
[Result "1/2-1/2"]
[WhiteElo "2457"]
[BlackElo "2443"]
[PlyCount "99"]
[EventDate "2003.11.25"]
[EventType "tourn (corr)"]
[EventRounds "12"]
[EventCountry "ESP"]
[SourceTitle "Telechess CBM 110"]
[Source "ChessBase"]
[SourceDate "2006.01.31"]
[SourceVersion "1"]
[SourceVersionDate "2006.01.31"]
[SourceQuality "1"]

1. e4 c6 2. d4 d5 3. Nc3 dxe4 4. Nxe4 Nd7 5. c3 Ngf6 6. Nxf6+ Nxf6 7. Bc4 Qc7 8. Ne2 e6 9. 0-0 Bd6 10. Ng3 h5 11. Re1 Bd7 12. Bg5 h4 13. Nf1 Bf4 14. Bxf4 Qxf4 15. Qc1 Qxc1 16. Raxc1 Rh5 17. Nd2 Ke7 18. Be2 Rhh8 19. Nc4 Nd5 20. Bg4 f6 21. Rc2 Rad8 22. Rce2 g5 23. Re4 Nc7 24. f4 gxf4 25. Rxf4 Be8 26. Bh3 Bf7 27. Na5 Rb8 28. c4 Rh5 29. b4 Rh6 30. Bg4 Be8 31. Nb3 Kd6 32. Nc5 Bf7 33. Rfe4 f5 34. Bxf5 b6 35. Nb3 exf5 36. c5+ Kd5 37. Re7 Re6 38. Rd7+ Kc4 39. Rc1+ Kxb4 40. Rxc7 Rf6 41. cxb6 axb6 42. Nc5 bxc5 43. Rb1+ Kc3 44. Rxb8 Bd5 45. dxc5 Rg6 46. Kf1 Bxg2+ 47. Ke2 Bd5 48. Rf8 Rg2+ 49. Ke3 Be4 50. Re8 1/2-1/2

[Event "ESP-23ch corr"]
[Site "AEAC email"]
[Date "2003.11.25"]
[Round "?"]
[White "Landero Luna, Vicente"]
[Black "Roig Grau, Jesus"]
[Result "1/2-1/2"]
[WhiteElo "2454"]
[BlackElo "2443"]
[PlyCount "135"]
[EventDate "2003.11.25"]
[EventType "tourn (corr)"]
[EventRounds "12"]
[EventCountry "ESP"]
[SourceTitle "Telechess CBM 110"]
[Source "ChessBase"]
[SourceDate "2006.01.31"]
[SourceVersion "1"]
[SourceVersionDate "2006.01.31"]
[SourceQuality "1"]

1. d4 c5 2. c3 cxd4 3. cxd4 d5 4. Nc3 Nf6 5. Nf3 Nc6 6. Bf4 a6 7. Ne5 e6 8. e3 Bd6 9. Bg3 Qc7 10. f4 Bb4 11. Rc1 Ne4 12. Bd3 Nxc3 13. bxc3 Ba3 14. Rb1 Nxe5 15. fxe5 Qxc3+ 16. Kf2 Be7 17. Rf1 Bd7 18. Kg1 Bb5 19. Rxb5 axb5 20. Bxb5+ Kd8 21. a4 Qxe3+ 22. Bf2 Qa3 23. Be1 f5 24. Rf3 Qb2 25. Rb3 Qa2 26. Rc3 h6 27. Rc2 Qa3 28. Qb1 Qe3+ 29. Kh1 Rb8 30. a5 Bg5 31. Ba4 Ke7 32. Rc7+ Kf8 33. Bb4+ Kg8 34. Bd7 Rh7 35. Bc5 Bd8 36. Bxe6+ Kh8 37. Rf7 Bxa5 38. Rxf5 g6 39. Rf1 Rg7 40. Bxd5 b6 41. Bf8 Rxf8 42. Rxf8+ Kh7 43. h3 Bc3 44. Bf7 Bxd4 45. e6 h5 46. Rd8 Bc5 47. Rd5 Kh6 48. Rd1 Qf4 49. Rf1 Qe5 50. Qc1+ Qg5 51. Qb2 Qg3 52. Qd2+ Qg5 53. Qe2 Be7 54. Rb1 Qf4 55. Qf3 Qxf3 56. gxf3 Rh7 57. Rxb6 Kg7 58. Rb7 Ba3 59. f4 Kf6 60. Ra7 Bb4 61. Ra8 Bd6 62. Kg2 Bxf4 63. Rg8 Rg7 64. Rh8 Bd6 65. Kf3 Ke5 66. Ke3 Bc5+ 67. Kd3 Be7 68. Re8 1/2-1/2

[Event "ESP-23ch corr"]
[Site "AEAC email"]
[Date "2003.11.25"]
[Round "?"]
[White "Roig Grau, Jesus"]
[Black "Bocanegra Moreno, Rufino"]
[Result "1/2-1/2"]
[WhiteElo "2443"]
[BlackElo "2300"]
[PlyCount "39"]
[EventDate "2003.11.25"]
[EventType "tourn (corr)"]
[EventRounds "12"]
[EventCountry "ESP"]
[SourceTitle "Telechess CBM 110"]
[Source "ChessBase"]
[SourceDate "2006.01.31"]
[SourceVersion "1"]
[SourceVersionDate "2006.01.31"]
[SourceQuality "1"]

1. e4 g6 2. d4 Bg7 3. Nf3 c5 4. c3 cxd4 5. cxd4 d5 6. exd5 Nf6 7. Bb5+ Nbd7 8. d6 exd6 9. Qe2+ Qe7 10. 0-0 Qxe2 11. Bxe2 Nb6 12. Nc3 Be6 13. Re1 0-0 14. Nb5 Ne8 15. Bf4 Nd5 16. Bxd6 Nxd6 17. Nxd6 Rab8 18. Bc4 Rfd8 19. Nb5 Nf4 20. Bxe6 1/2-1/2

[Event "ESP-23ch corr"]
[Site "AEAC email"]
[Date "2003.11.25"]
[Round "?"]
[White "Roig Grau, Jesus"]
[Black "Cruzado Duenas, Carlos"]
[Result "1/2-1/2"]
[WhiteElo "2443"]
[BlackElo "2406"]
[PlyCount "87"]
[EventDate "2003.11.25"]
[EventType "tourn (corr)"]
[EventRounds "12"]
[EventCountry "ESP"]
[SourceTitle "Telechess CBM 110"]
[Source "ChessBase"]
[SourceDate "2006.01.31"]
[SourceVersion "1"]
[SourceVersionDate "2006.01.31"]
[SourceQuality "1"]

1. e4 e5 2. Nf3 Nc6 3. Bb5 a6 4. Ba4 Nf6 5. 0-0 Be7 6. Re1 b5 7. Bb3 0-0 8. c3 d5 9. exd5 Nxd5 10. Nxe5 Nxe5 11. Rxe5 c6 12. d4 Bd6 13. Re1 Qh4 14. g3 Qh3 15. Be3 Bg4 16. Qd3 f5 17. f4 g5 18. Qf1 Qh5 19. Nd2 Kh8 20. Bxd5 cxd5 21. a4 bxa4 22. Rxa4 Rae8 23. Raa1 Re6 24. fxg5 Rfe8 25. Qf2 f4 26. gxf4 Bh3 27. Kh1 h6 28. Nf3 Bxf4 29. Ne5 Bxe5 30. dxe5 Bg4 31. h4 Kg8 32. Ra4 hxg5 33. Rg1 Bf3+ 34. Kh2 Rxe5 35. Rf4 Rf8 36. Rxf8+ Kxf8 37. Rxg5 Rxg5 38. Bxg5 Qg4 39. Qg3 Kf7 40. Qxg4 Bxg4 41. Kg3 Bd1 42. Kf4 Bb3 43. Bd8 Kg6 44. Ke5 1/2-1/2

[Event "ESP-23ch corr"]
[Site "AEAC email"]
[Date "2003.11.25"]
[Round "?"]
[White "Roig Grau, Jesus"]
[Black "De Carlos Arregui, Inigo"]
[Result "1/2-1/2"]
[WhiteElo "2443"]
[BlackElo "2413"]
[PlyCount "79"]
[EventDate "2003.11.25"]
[EventType "tourn (corr)"]
[EventRounds "12"]
[EventCountry "ESP"]
[SourceTitle "Telechess CBM 110"]
[Source "ChessBase"]
[SourceDate "2006.01.31"]
[SourceVersion "1"]
[SourceVersionDate "2006.01.31"]
[SourceQuality "1"]

1. e4 e6 2. d4 d5 3. Nc3 Nf6 4. Bg5 dxe4 5. Nxe4 Be7 6. Bxf6 Bxf6 7. Nf3 0-0 8. Bc4 Nc6 9. c3 e5 10. d5 Nb8 11. Qe2 Bf5 12. Bd3 Be7 13. Nf6+ Bxf6 14. Bxf5 c6 15. Rd1 cxd5 16. Qb5 Qc7 17. Rxd5 a6 18. Qc5 Qxc5 19. Rxc5 Nc6 20. Ke2 Rfd8 21. Be4 Rac8 22. Bxc6 Rxc6 23. Rxc6 bxc6 24. Rd1 Rxd1 25. Kxd1 Kf8 26. Ke2 Ke7 27. Kd3 Ke6 28. Kc4 Be7 29. Nd2 Bd8 30. Ne4 Bb6 31. f3 f5 32. Nc5+ Bxc5 33. Kxc5 h5 34. b4 g5 35. a4 g4 36. Kc4 gxf3 37. gxf3 Kd6 38. Kd3 a5 39. Kc4 Kc7 40. Kc5 1/2-1/2

[Event "ESP-23ch corr"]
[Site "AEAC email"]
[Date "2003.11.25"]
[Round "?"]
[White "Roig Grau, Jesus"]
[Black "Garcia Gil, Jose Luis"]
[Result "1/2-1/2"]
[WhiteElo "2443"]
[BlackElo "2109"]
[PlyCount "35"]
[EventDate "2003.11.25"]
[EventType "tourn (corr)"]
[EventRounds "12"]
[EventCountry "ESP"]
[SourceTitle "Telechess CBM 110"]
[Source "ChessBase"]
[SourceDate "2006.01.31"]
[SourceVersion "1"]
[SourceVersionDate "2006.01.31"]
[SourceQuality "1"]

1. e4 d5 2. exd5 Qxd5 3. Nc3 Qd6 4. d4 Nf6 5. Nf3 Bf5 6. Bd3 Bxd3 7. Qxd3 e6 8. 0-0 Nbd7 9. Nb5 Qb6 10. Bf4 Nd5 11. Bg3 c6 12. Nc3 Be7 13. Ne5 Nxe5 14. Bxe5 0-0 15. Nxd5 cxd5 16. Rab1 Rfc8 17. c3 Rc6 18. Rfe1 1/2-1/2

[Event "ESP-23ch corr"]
[Site "AEAC email"]
[Date "2003.11.25"]
[Round "?"]
[White "Sanchez de Ybargueen Guti, Luis Francisco"]
[Black "Roig Grau, Jesus"]
[Result "0-1"]
[WhiteElo "2165"]
[BlackElo "2443"]
[PlyCount "80"]
[EventDate "2003.11.25"]
[EventType "tourn (corr)"]
[EventRounds "12"]
[EventCountry "ESP"]
[SourceTitle "Telechess CBM 110"]
[Source "ChessBase"]
[SourceDate "2006.01.31"]
[SourceVersion "1"]
[SourceVersionDate "2006.01.31"]
[SourceQuality "1"]

1. e4 c6 2. d4 d5 3. e5 Bf5 4. Be3 e6 5. Nd2 Nd7 6. Ngf3 Ne7 7. Be2 c5 8. dxc5 Nc6 9. Nb3 Bg4 10. Nfd4 Bxe2 11. Qxe2 Ncxe5 12. 0-0-0 Nc4 13. Rhe1 Rc8 14. Nxe6 fxe6 15. Rxd5 Nxe3 16. Qxe3 Qe7 17. c6 bxc6 18. Rdd1 Qf7 19. Qxa7 Nc5 20. Qb6 Qc7 21. Qxc7 Nxb3+ 22. cxb3 Rxc7 23. Rxe6+ Be7 24. Kc2 0-0 25. f3 c5 26. Re4 Rf6 27. Rde1 Kf7 28. Rd1 Re6 29. Rde1 Rxe4 30. Rxe4 Bf6 31. Rc4 Ra7 32. a4 Bd4 33. Kd3 Ke6 34. b4 Bxb2 35. bxc5 Kd5 36. c6 Rc7 37. f4 Ba3 38. g4 Bc5 39. Re4 Kxc6 40. Re5 Rd7+ 0-1